000 00958nam a2200229Ii 4500
003 JO-AjNU
008 230605s9999||||xx |||||||||||||| ||und||
017 _a 1993/9548
020 _a977-270-049-2
040 _aJO-AjNU
_bara
_erda
_cJO-AjNU
041 _aara
050 1 4 _aDT95.B5288 1993
100 3 _aتاليف المنصوري، بيبرس؛ تحقيق وتقديم عبد الحميد صالح حمدان,
_eauthor
_914345
245 0 0 _aمختار الأخبار: تاريخ الدولة الأيوبية ودولة المماليك البحرية حتى سنة 702 هجري
250 _aط1
264 3 1 _aالقاهرة: الدار المصرية اللبنانية، 1993
300 _a158ص
336 _atext
_btxt
_2rdacontent
337 _aunmediated
_bn
_2rdamedia
338 _avolume
_bnc
_2rdacarrier
650 4 _aالدولة الايوبية البحرية - دولة المماليك البحرية - تاريخ 702 هجري
_914346
999 _aA3803
_c7371
_d7371